Problemática del narrador en "Responso por el niño Juan Manuel"

Kaydedildi:
Detaylı Bibliyografya
Yazar: Garita Hernández, Flor María
Materyal Türü: Kitap
Dil:Undetermined
Baskı/Yayın Bilgisi: San José, Costa Rica Universidad de Costa Rica, Escuela de Filología, Lingüística y Literatura 1976
Konular:
Etiketler: Etiketle
Etiket eklenmemiş, İlk siz ekleyin!

MARC

LEADER 00000nam a2200000Ia 4500
008 170316s9999 xx 000 0 und d
999 |c 13779  |d 13779 
040 |a cru BVZT 
090 |a Tesis 170 
100 |a Garita Hernández, Flor María 
245 |a Problemática del narrador en "Responso por el niño Juan Manuel" 
260 |a San José, Costa Rica  |b Universidad de Costa Rica, Escuela de Filología, Lingüística y Literatura  |c 1976 
300 |a 266 páginas 
650 |a LICENCIATURA EN FILOLOGÍA ESPAÑOLA 
650 |a TRABAJO FINAL DE GRADUACIÓN  |9 237 
942 |c TFG  |h Tesis 170  |2 z